Barriers in the way of social innovation: Lessons from the Slovak Republic
Koncept sociálnej inovácie - OECD. Tvorba nových sociálnych vzťahov a spolupráce. Formálne a neformálne, individuálne a spoločenské bariéry implikácie inovácií. Riešenia prekonania bariér: podniky mestských samospráv a angažovanosť neziskových organizácií. Zodpovednosť štátu pri zdolávaní prekážok p...
Salvato in:
| Autore principale: | |
|---|---|
| Natura: | Capitolo di libro |
| Lingua: | inglese |
| Soggetti: | |
| Tags: |
Nessun Tag, puoi essere il primo ad aggiungerne!!
|
MARC
| LEADER | 00000naa a2200000 4500 | ||
|---|---|---|---|
| 001 | 0206179 | ||
| 005 | 20240502073430.3 | ||
| 041 | 0 | |a eng | |
| 044 | |a SK | ||
| 245 | 1 | 0 | |a Barriers in the way of social innovation: Lessons from the Slovak Republic |c Gábor Szüdi |
| 520 | |a Koncept sociálnej inovácie - OECD. Tvorba nových sociálnych vzťahov a spolupráce. Formálne a neformálne, individuálne a spoločenské bariéry implikácie inovácií. Riešenia prekonania bariér: podniky mestských samospráv a angažovanosť neziskových organizácií. Zodpovednosť štátu pri zdolávaní prekážok pri zavádzaní sociálnych inovácií. | ||
| 610 | 2 | 0 | |a bariéry inovačné |
| 610 | 2 | 0 | |a inovácia |
| 610 | 2 | 0 | |a politika sociálna |
| 610 | 2 | 0 | |a organizácie neziskové |
| 610 | 2 | 0 | |a Európska rada |
| 610 | 2 | 0 | |a rozvoj trvalo udržateľný |
| 100 | 1 | |a Szüdi, Gábor | |